| 000 | 00515nam a22001577a 4500 | ||
|---|---|---|---|
| 999 |
_c6908 _d6908 |
||
| 008 | 200406b ||||| |||| 00| 0 eng d | ||
| 020 | _a0-8213-3993-1 | ||
| 082 | _a333.761 370 967 8 DEJ | ||
| 100 | _aDejene, Alemneh.- | ||
| 245 |
_aLand Degradation in Tanzania: _bPerception from the Village/ _cAlemneh Dejene.- _hEnglish. |
||
| 260 |
_aWashington, D.C: _bThe World Bank, _c1997. |
||
| 300 |
_ax, 79p; _b28cm.- |
||
| 440 | _aWorld Bank Technical Paper No. 370.- | ||
| 650 | _2SOIL DEGRADATION | ||
| 942 |
_2ddc _cBOOKS |
||